| 000 | 00722 a2200229 4500 | ||
|---|---|---|---|
| 020 | _a0256194084 | ||
| 020 | _a0256194084 | ||
| 040 |
_aDLC _bDLC |
||
| 082 | 0 | 0 | _a519.6 |
| 100 | 1 | _aLind, Douglas A. | |
| 245 | 1 | 0 |
_aBasic statistics for business and economics _cDouglas A. Lind, Robert D. Mason. |
| 250 | _a2nd ed. | ||
| 260 |
_aChicago : _bIrwin, _cc1997. |
||
| 300 |
_axviii, 597 p. : _bill. (some col.) ; _c26 cm. |
||
| 500 | _aIncludes index. | ||
| 650 | 0 |
_aSocial sciences _xStatistical methods. |
|
| 650 | 0 |
_aEconomics _xStatistical methods. |
|
| 650 | 0 |
_aIndustrial management _xStatistical methods. |
|
| 650 | 0 | _aCommercial statistics. | |
| 700 | 1 |
_aMason, Robert Deward, _d1919- |
|
| 942 |
_cBK _k519.6 LIN _2ddc |
||
| 999 |
_c7692 _d7692 |
||